| 000 | 00625nam a2200241Ia 4500 | ||
|---|---|---|---|
| 003 | BUBTL | ||
| 008 | 151213s9999 xx 000 0 und d | ||
| 041 | _aEnglish | ||
| 082 | _a340.5/ P2743j/ 1951 | ||
| 100 |
_aPaton, G. W. _94146 |
||
| 245 |
_aA Text Book of Jurisprudence/ _c G.W. Paton |
||
| 250 | _a2nd | ||
| 260 |
_aLondon _bOxford University _cc1951 |
||
| 300 |
_a526p . : _bill . ; 22cm. |
||
| 500 | _aIncludes Index | ||
| 526 | _aLaw | ||
| 650 |
_aLaw _94147 |
||
| 650 |
_aLaw _94147 |
||
| 700 |
_aG. W. Paton _95425 |
||
| 856 |
_k0 _l0 _yDownload |
||
| 942 |
_2ddc _cBK |
||
| 999 |
_c1727 _d1727 |
||